[Event "Schwarzacher op 35th"]
[Site "Schwarzach"]
[Date "2022.07.17"]
[Round "2"]
[White "Zelcic, Robert"]
[Black "Dgebuadze, Marie"]
[Result "1-0"]
[WhiteElo "2496"]
[BlackElo "1862"]
[PlyCount "157"]
[EventDate "2022.07.17"]
[EventType "swiss"]
[EventRounds "9"]
[EventCountry "AUT"]
[SourceTitle "CBM 209 Extra"]
[Source "ChessBase"]
[SourceDate "2022.09.30"]
[SourceVersion "1"]
[SourceVersionDate "2022.09.30"]
[SourceQuality "1"]

1. e4 c5 2. Nf3 d6 3. d4 cxd4 4. Nxd4 Nf6 5. Nc3 g6 6. Bc4 Bg7 7. 0-0 0-0 8. h3 Nc6 9. Re1 Bd7 10. Nf3 Rc8 11. Bb3 a6 12. Bg5 h6 13. Be3 b5 14. Nd5 Nxd5 15. exd5 Ne5 16. Nxe5 dxe5 17. Qd2 Kh7 18. a4 f5 19. axb5 Bxb5 20. Qb4 Qd6 21. Bd2 e4 22. Ra2 Rfd8 23. Qa5 Bd4 24. Be3 Be5 25. Rd1 Bh2+ 26. Kh1 f4 27. Bb6 f3 28. Bxd8 fxg2+ 29. Kxg2 Be2 30. Qd2 Bf3+ 31. Kf1 Qd7 32. c3 Qb5+ 33. Ke1 Qxb3 34. Ra3 Qxd1+ 35. Qxd1 Bxd1 36. Bxe7 Bf3 37. d6 Rb8 38. b4 Rb6 39. d7 Bc7 40. Ra1 Rc6 41. Rc1 a5 42. bxa5 Bxa5 43. d8Q Bxd8 44. Bxd8 Rd6 45. Bc7 Rc6 46. Bg3 g5 47. c4 Kg6 48. c5 Bg2 49. h4 gxh4 50. Bxh4 Kf5 51. Ke2 Kg4 52. Be7 h5 53. Rg1 Kh3 54. Ke3 h4 55. Rb1 Ra6 56. Rc1 Rc6 57. Kf4 Re6 58. Bg5 Rc6 59. Be7 Re6 60. Bd6 e3 61. fxe3 Re4+ 62. Kg5 Rxe3 63. Rc4 Be4 64. Kf4 Bd5 65. Rd4 Rf3+ 66. Kg5 Be6 67. Rxh4+ Kg2 68. Rh2+ Kg1 69. Rc2 Bb3 70. Rb2 Bd5 71. Rd2 Bc6 72. Be5 Ra3 73. Kf6 Ra6 74. Bd4+ Kh1 75. Ke5 Bg2 76. Kf4 Ra3 77. Kg4 Bf3+ 78. Kh4 Bg2 79. Rd1+ 1-0

[Event "Brasschaat op 19th"]
[Site "Brasschaat"]
[Date "2019.08.18"]
[Round "2"]
[White "Dgebuadze, Marie"]
[Black "Froeyman, Helmut"]
[Result "1/2-1/2"]
[WhiteElo "1874"]
[BlackElo "2269"]
[PlyCount "93"]
[EventDate "2019.08.17"]
[EventType "swiss"]
[EventRounds "9"]
[EventCountry "BEL"]
[SourceTitle "EXT 2020"]
[Source "ChessBase"]
[SourceDate "2019.10.17"]
[SourceVersion "1"]
[SourceVersionDate "2019.10.17"]
[SourceQuality "1"]

1. d4 f5 2. c4 Nf6 3. g3 e6 4. Bg2 d5 5. Nh3 c6 6. Qc2 Bd6 7. 0-0 0-0 8. Bf4 Be7 9. Nd2 h6 10. Bxb8 Rxb8 11. Nf4 Bd6 12. Ng6 Rf7 13. Nf3 b6 14. Nfe5 Rc7 15. Rac1 Bd7 16. Qb3 Rbc8 17. Rc2 Be8 18. Rfc1 Bxg6 19. Nxg6 Kh7 20. Ne5 Bxe5 21. dxe5 Nd7 22. f4 Nc5 23. Qe3 a5 24. a3 a4 25. Rd1 Rd7 26. Rcd2 Nb3 27. Rd3 d4 28. Qf2 c5 29. e3 dxe3 30. Qxe3 Nd4 31. h3 Qe7 32. g4 g6 33. Qf2 Rdd8 34. Rg3 Rc7 35. gxf5 gxf5 36. Kh2 Rg8 37. Rxg8 Kxg8 38. Rg1 Kh7 39. Bf3 Qe8 40. Bd1 Rg7 41. Rxg7+ Kxg7 42. Qg2+ Kh8 43. Qb7 Qd8 44. Bxa4 Qh4 45. Qa8+ Kh7 46. Qb7+ Kh8 47. Qa8+ 1/2-1/2

[Event "EU-ch U14 Girls 27th"]
[Site "Mamaia"]
[Date "2017.09.12"]
[Round "7"]
[White "Dgebuadze, Marie"]
[Black "Bitkova, Jelizaveta"]
[Result "1-0"]
[WhiteElo "1682"]
[BlackElo "1512"]
[PlyCount "89"]
[EventDate "2017.09.05"]
[EventType "swiss"]
[EventRounds "9"]
[EventCountry "ROU"]
[SourceTitle "CBM 180 Extra"]
[Source "ChessBase"]
[SourceDate "2017.10.06"]
[SourceVersion "1"]
[SourceVersionDate "2017.10.06"]
[SourceQuality "1"]

1. d4 Nf6 2. Nf3 g6 3. Bf4 Bg7 4. c3 d6 5. h3 0-0 6. e3 Bf5 7. Qb3 Qc8 8. Bc4 h6 9. Nh4 e6 10. Nxf5 gxf5 11. Nd2 d5 12. Be2 Nbd7 13. Qc2 c5 14. Rc1 cxd4 15. exd4 Qc6 16. g4 Rfe8 17. gxf5 e5 18. dxe5 Nxe5 19. Kf1 Ne4 20. Nxe4 dxe4 21. Rg1 Nf3 22. Rg3 Kh8 23. Bxf3 exf3 24. Qd3 Re2 25. Qxf3 Qxf3 26. Rxf3 Rxb2 27. a4 Ra2 28. Rb1 b6 29. Rb4 Rc8 30. Re4 Bxc3 31. Rxc3 Ra1+ 32. Kg2 Rg8+ 33. Rg3 Rxg3+ 34. Kxg3 Ra3+ 35. f3 Kg7 36. Bb8 a5 37. Bc7 Rb3 38. Rc4 Rb1 39. Be5+ Kf8 40. f6 Ke8 41. Rh4 b5 42. Rd4 Rc1 43. axb5 Rc5 44. Bf4 Rxb5 45. Bc7 1-0

[Event "EU-ch U14 Girls 27th"]
[Site "Mamaia"]
[Date "2017.09.08"]
[Round "4"]
[White "Plaza Reino, Leire"]
[Black "Dgebuadze, Marie"]
[Result "0-1"]
[WhiteElo "1287"]
[BlackElo "1682"]
[PlyCount "125"]
[EventDate "2017.09.05"]
[EventType "swiss"]
[EventRounds "9"]
[EventCountry "ROU"]
[SourceTitle "CBM 180 Extra"]
[Source "ChessBase"]
[SourceDate "2017.10.06"]
[SourceVersion "1"]
[SourceVersionDate "2017.10.06"]
[SourceQuality "1"]

1. e4 c5 2. Nc3 Nc6 3. Bb5 d6 4. Bxc6+ bxc6 5. f4 g6 6. Nf3 Bg7 7. 0-0 e6 8. d3 Ne7 9. Bd2 0-0 10. Qe1 Rb8 11. Rb1 Bd7 12. Kh1 f6 13. Qh4 d5 14. Rfe1 Nc8 15. a3 Nd6 16. Re2 Nb5 17. a4 Nd6 18. Qe1 d4 19. Nd1 Nf7 20. Nf2 e5 21. fxe5 fxe5 22. h3 Be6 23. b3 Qd7 24. Ng5 Nxg5 25. Bxg5 h6 26. Bd2 Rb7 27. Nd1 c4 28. dxc4 Bxc4 29. Rf2 Be6 30. Rxf8+ Kxf8 31. Nf2 Kg8 32. Qf1 Rb8 33. Rd1 Rf8 34. Qe2 Qe7 35. Qe1 Qh4 36. Nd3 Qh5 37. Kg1 g5 38. Nc5 Qf7 39. Nxe6 Qxe6 40. Bb4 Rf7 41. Qe2 Rf4 42. Re1 Bf8 43. Bxf8 Kxf8 44. Rf1 Qf6 45. g3 Rxf1+ 46. Qxf1 Qxf1+ 47. Kxf1 Ke7 48. Ke2 Kd6 49. Kd3 Kc5 50. g4 Kb4 51. Kd2 c5 52. Kd3 a5 53. Kd2 c4 54. bxc4 Kxc4 55. Kc1 Kb4 56. Kb2 Kxa4 57. Ka2 Kb4 58. Kb2 a4 59. Ka2 a3 60. Ka1 Kc3 61. Kb1 a2+ 62. Kxa2 Kxc2 63. Ka1 0-1

[Event "EU-ch U14 Girls 27th"]
[Site "Mamaia"]
[Date "2017.09.05"]
[Round "1"]
[White "Dgebuadze, Marie"]
[Black "Yurasova, Daria"]
[Result "0-1"]
[WhiteElo "1682"]
[BlackElo "1942"]
[PlyCount "129"]
[EventDate "2017.09.05"]
[EventType "swiss"]
[EventRounds "9"]
[EventCountry "ROU"]
[SourceTitle "CBM 180 Extra"]
[Source "ChessBase"]
[SourceDate "2017.10.06"]
[SourceVersion "1"]
[SourceVersionDate "2017.10.06"]
[SourceQuality "1"]

1. d4 Nf6 2. c3 e6 3. Bf4 c5 4. e3 d5 5. Nf3 Nc6 6. Nbd2 Bd6 7. Bxd6 Qxd6 8. Be2 0-0 9. 0-0 e5 10. dxe5 Nxe5 11. Nxe5 Qxe5 12. Nf3 Qe7 13. Qc2 b6 14. Rad1 Bb7 15. c4 Rad8 16. Rfe1 Rfe8 17. cxd5 Bxd5 18. h3 h6 19. a3 Qb7 20. Qa4 c4 21. Qc2 b5 22. Nh4 Be4 23. Qc3 Nd5 24. Qa5 Qb6 25. Qxb6 Nxb6 26. Rxd8 Rxd8 27. Rd1 Bd3 28. b3 Rd7 29. Bxd3 cxd3 30. Nf3 Rd5 31. Nd4 Nc4 32. Nc6 Nb2 33. Rd2 Rc5 34. Nb4 a5 35. Nxd3 Nxd3 36. Rxd3 Rc1+ 37. Kh2 Ra1 38. b4 a4 39. Kg3 Rb1 40. Kf3 Rb3 41. Ke2 Rb2+ 42. Rd2 Rb3 43. Ra2 Kf8 44. Kf3 Ke7 45. Ke4 Ke6 46. g4 g6 47. h4 f5+ 48. gxf5+ gxf5+ 49. Kf4 Rc3 50. Kg3 Kd5 51. Kf4 Kc4 52. Kxf5 Kb3 53. Re2 Kxa3 54. e4 Kb3 55. e5 a3 56. e6 a2 57. e7 Rc8 58. Re1 Kxb4 59. Kf6 Ka3 60. Kf7 b4 61. e8Q Rxe8 62. Kxe8 b3 63. f4 b2 64. f5 a1Q 65. Rxa1+ 0-1

[Event "Brasschaat op 17th"]
[Site "Brasschaat"]
[Date "2017.08.22"]
[Round "4"]
[White "Du Pont, David"]
[Black "Dgebuadze, Marie"]
[Result "1-0"]
[WhiteElo "2074"]
[BlackElo "1610"]
[PlyCount "65"]
[EventDate "2017.08.19"]
[EventType "swiss"]
[EventRounds "9"]
[EventCountry "BEL"]
[SourceTitle "CBM 180 Extra"]
[Source "ChessBase"]
[SourceDate "2017.10.06"]
[SourceVersion "1"]
[SourceVersionDate "2017.10.06"]
[SourceQuality "1"]

1. Nf3 d5 2. c4 c6 3. d4 Nf6 4. e3 g6 5. Be2 Bg7 6. b4 0-0 7. Bb2 Bf5 8. Nbd2 Na6 9. Qb3 Nc7 10. 0-0 Ne4 11. a4 a6 12. Rfd1 Re8 13. b5 cxb5 14. axb5 Qd7 15. b6 Nxd2 16. Nxd2 dxc4 17. Bxc4 Ne6 18. e4 Bg4 19. f3 Bxd4+ 20. Bxd4 Qxd4+ 21. Kh1 Nc5 22. Bxf7+ Kh8 23. Qc4 Qxc4 24. Nxc4 Rf8 25. Ne5 Bc8 26. Rac1 Na4 27. Rc7 Nxb6 28. Rxe7 Kg7 29. Rd6 Nd7 30. Be8+ Kh6 31. Bxd7 Bxd7 32. Rdxd7 b5 33. h4 1-0

[Event "BEL-ch op"]
[Site "Niel"]
[Date "2017.07.04"]
[Round "4"]
[White "Engelaer, Maurice"]
[Black "Dgebuadze, Marie"]
[Result "1/2-1/2"]
[WhiteElo "1968"]
[BlackElo "1616"]
[PlyCount "80"]
[EventDate "2017.07.01"]
[EventType "swiss"]
[EventRounds "9"]
[EventCountry "BEL"]
[SourceTitle "EXT 2018"]
[Source "ChessBase"]
[SourceDate "2017.10.13"]
[SourceVersion "1"]
[SourceVersionDate "2017.10.13"]
[SourceQuality "1"]

1. e4 c5 2. d4 cxd4 3. c3 d3 4. Bxd3 e5 5. Nf3 Nc6 6. 0-0 Nf6 7. Bg5 Be7 8. Nbd2 0-0 9. Qe2 h6 10. Bh4 d6 11. h3 Be6 12. Rfd1 Qc7 13. b3 Rfd8 14. Rac1 Rac8 15. Nf1 d5 16. Bxf6 Bxf6 17. Ng3 Qe7 18. exd5 Bxd5 19. Ne4 Bxe4 20. Bxe4 Rd6 21. Rxd6 Qxd6 22. Rd1 Qc7 23. Rd3 Re8 24. Qd2 Rd8 25. b4 Rxd3 26. Qxd3 a6 27. a4 Qd8 28. Qxd8+ Nxd8 29. Kf1 Kf8 30. Ke2 Ke7 31. Kd3 Kd6 32. a5 Nc6 33. Bxc6 Kxc6 34. Ke4 Kb5 35. Kd5 e4 36. Nd4+ Bxd4 37. cxd4 Kxb4 38. Kd6 Kc4 39. Ke5 Kb5 40. Kd6 Kc4 1/2-1/2

[Event "BEL-ch U14 Girls"]
[Site "Blankenberge"]
[Date "2017.04.13"]
[Round "7"]
[White "Dellaert, Ines"]
[Black "Dgebuadze, Marie"]
[Result "1-0"]
[WhiteElo "1412"]
[BlackElo "1623"]
[PlyCount "121"]
[EventDate "2017.04.09"]
[EventType "swiss"]
[EventRounds "9"]
[EventCountry "BEL"]
[SourceTitle "CBM 178 Extra"]
[Source "ChessBase"]
[SourceDate "2017.06.22"]
[SourceVersion "1"]
[SourceVersionDate "2017.06.22"]
[SourceQuality "1"]

1. e4 c5 2. Nf3 Nc6 3. d4 cxd4 4. Nxd4 Nf6 5. Nc3 Qa5 6. f3 a6 7. Be3 e6 8. Nb3 Qc7 9. Qd2 Be7 10. 0-0-0 d6 11. g4 b5 12. h4 Bb7 13. h5 Nd7 14. g5 Nde5 15. Qf2 Nc4 16. Bxc4 bxc4 17. Nd4 Nxd4 18. Rxd4 f6 19. Qg2 e5 20. Rdd1 Bc6 21. Kd2 Rb8 22. b3 cxb3 23. axb3 Rc8 24. gxf6 Bxf6 25. Ke1 Bb7 26. Bd2 Qe7 27. Qg3 Qd7 28. Rc1 a5 29. Na4 Qb5 30. Qg4 Ba6 31. Qg2 Qb7 32. Bxa5 Qb5 33. Bd2 Kf7 34. Nc3 Qb7 35. Qg4 Rhg8 36. Qh3 Rc5 37. Qg2 Bb5 38. Nd5 Bc6 39. Be3 Ra5 40. Nc3 Qa8 41. Qd2 Rd8 42. Bb6 Ra1 43. Bxd8 Rxc1+ 44. Qxc1 Qxd8 45. Qd2 Bg5 46. Qd3 Bh4+ 47. Kd1 Be7 48. Qc4+ d5 49. Qxc6 dxe4+ 50. Qd5+ Qxd5+ 51. Nxd5 exf3 52. Nxe7 Kxe7 53. Kd2 g6 54. hxg6 hxg6 55. Ke3 Kd6 56. Kxf3 Kd5 57. Rg1 Kd4 58. Rxg6 e4+ 59. Ke2 Kc3 60. Ke3 Kxc2 61. b4 1-0

[Event "EU-ch U12 Girls 26th"]
[Site "Prague"]
[Date "2016.08.18"]
[Round "1"]
[White "Dgebuadze, Marie"]
[Black "Bilic, Marijana"]
[Result "1-0"]
[WhiteElo "1449"]
[BlackElo "1739"]
[PlyCount "109"]
[EventDate "2016.08.18"]
[EventType "swiss"]
[EventRounds "9"]
[EventCountry "CZE"]
[SourceTitle "CBM 174 Extra"]
[Source "ChessBase"]
[SourceDate "2016.10.10"]
[SourceVersion "1"]
[SourceVersionDate "2016.10.10"]
[SourceQuality "1"]

1. d4 Nf6 2. Nf3 e6 3. e3 a6 4. Bd3 c5 5. Nbd2 cxd4 6. exd4 b5 7. b3 Bb7 8. Bb2 Be7 9. Qe2 d6 10. 0-0 0-0 11. Ne4 Nbd7 12. Rfe1 h6 13. h3 Nd5 14. Qd2 N5f6 15. Rad1 Qc7 16. Rc1 Qb6 17. Qd1 Kh8 18. Nfd2 Nd5 19. a3 Nf4 20. Bf1 Bc6 21. Qg4 Ng6 22. Qg3 e5 23. dxe5 Ndxe5 24. Be2 Bh4 25. Qc3 f5 26. Ng3 Rac8 27. Qd4 Qb7 28. Bf1 Rcd8 29. Ne2 a5 30. Nf4 Nxf4 31. Qxf4 Bg5 32. Qd4 Bf6 33. Qe3 Rde8 34. Bxe5 dxe5 35. c4 Bg5 36. Qc3 bxc4 37. bxc4 Qa7 38. Rb1 e4 39. Nb3 Rd8 40. Red1 a4 41. Nd4 Bd7 42. Nb5 Qa8 43. Qb4 Bf6 44. Nc7 Qa7 45. Rxd7 Rxd7 46. Qxf8+ Kh7 47. Nd5 Rf7 48. Nxf6+ Rxf6 49. Qb4 e3 50. fxe3 Qxe3+ 51. Kh1 f4 52. Qe1 Qxa3 53. Qb4 Qg3 54. Qxa4 Rg6 55. Qb3 1-0

[Event "EU-ch U12 Girls 25th"]
[Site "Porec"]
[Date "2015.09.30"]
[Round "9"]
[White "Sakotic, Ana"]
[Black "Dgebuadze, Marie"]
[Result "1-0"]
[WhiteElo "1244"]
[BlackElo "1362"]
[PlyCount "69"]
[EventDate "2015.09.21"]
[EventType "swiss"]
[EventRounds "9"]
[EventCountry "CRO"]
[SourceTitle "EXT 2016"]
[Source "ChessBase"]
[SourceDate "2015.10.08"]
[SourceVersion "1"]
[SourceVersionDate "2015.10.08"]
[SourceQuality "1"]

1. e4 c5 2. Nf3 d6 3. c3 Nc6 4. h3 e6 5. Bd3 Nf6 6. Bc2 Be7 7. 0-0 0-0 8. a3 a5 9. d4 cxd4 10. cxd4 b6 11. Nc3 Bb7 12. Be3 Na7 13. a4 Rc8 14. Qd3 Nc6 15. Qd2 Nb4 16. Bb1 Qd7 17. e5 Nfd5 18. Nxd5 Bxd5 19. Ng5 Bxg5 20. Bxg5 dxe5 21. dxe5 Qb7 22. f3 h6 23. Bxh6 gxh6 24. Qxh6 f5 25. exf6 Rf7 26. Qg6+ Kf8 27. h4 Nc2 28. Bxc2 Rfc7 29. Qh6+ Ke8 30. Bg6+ Kd7 31. f7 Qb8 32. Qg7 Kc6 33. Rac1+ Kb7 34. Rxc7+ Rxc7 35. f8Q 1-0

[Event "EU-ch U12 Girls 25th"]
[Site "Porec"]
[Date "2015.09.23"]
[Round "3"]
[White "Abbasova, Sadagat"]
[Black "Dgebuadze, Marie"]
[Result "1-0"]
[WhiteElo "1639"]
[BlackElo "1362"]
[PlyCount "67"]
[EventDate "2015.09.21"]
[EventType "swiss"]
[EventRounds "9"]
[EventCountry "CRO"]
[SourceTitle "EXT 2016"]
[Source "ChessBase"]
[SourceDate "2015.10.08"]
[SourceVersion "1"]
[SourceVersionDate "2015.10.08"]
[SourceQuality "1"]

1. d4 Nf6 2. c4 e5 3. dxe5 Ng4 4. Nc3 Bc5 5. e3 Nxe5 6. Nh3 d6 7. Nf4 0-0 8. Be2 Be6 9. b3 Nbd7 10. 0-0 a6 11. Bb2 Nf6 12. Na4 Ned7 13. Nxc5 Nxc5 14. Qd4 Ncd7 15. Rac1 Qe7 16. Nd5 Bxd5 17. cxd5 Rac8 18. Rfd1 Qe5 19. Qxe5 Nxe5 20. h3 Rfe8 21. f4 Ned7 22. Kf2 Ne4+ 23. Kf3 f5 24. g4 fxg4+ 25. hxg4 h6 26. Bd3 Nef6 27. Bf5 Rcd8 28. Rxc7 Nc5 29. Bxf6 gxf6 30. Rh1 Rf8 31. Rxh6 Rf7 32. Rxf7 Kxf7 33. Rh7+ Kg8 34. Rh3 1-0

[Event "EU-ch U12 Girls 25th"]
[Site "Porec"]
[Date "2015.09.21"]
[Round "1"]
[White "Kvendseth, Thyra"]
[Black "Dgebuadze, Marie"]
[Result "0-1"]
[WhiteElo "1656"]
[BlackElo "1362"]
[PlyCount "69"]
[EventDate "2015.09.21"]
[EventType "swiss"]
[EventRounds "9"]
[EventCountry "CRO"]
[SourceTitle "EXT 2016"]
[Source "ChessBase"]
[SourceDate "2015.10.08"]
[SourceVersion "1"]
[SourceVersionDate "2015.10.08"]
[SourceQuality "1"]

1. e4 c5 2. Nf3 Nc6 3. d4 cxd4 4. Nxd4 Nf6 5. Nc3 e6 6. Bg5 Be7 7. Qd2 d6 8. Bb5 Bd7 9. 0-0 0-0 10. Rfe1 Qc7 11. Rac1 a6 12. Nxc6 Bxc6 13. Bxc6 Qxc6 14. Re3 Rfe8 15. Rce1 Rad8 16. Rg3 Kh8 17. Rh3 Ng8 18. Bxe7 Nxe7 19. Qf4 f5 20. Qh4 h6 21. Qg5 fxe4 22. Rxe4 Nf5 23. g4 d5 24. Re5 Nd4 25. Rxh6+ Kg8 26. Re3 Nxc2 27. Rg6 Rd7 28. Rh3 d4 29. Nd1 Qe4 30. Rf6 Qe1+ 31. Kg2 Qxd1 32. Qg6 Ne1+ 33. Kg3 Qd3+ 34. Qxd3 Nxd3 35. Rf3 0-1

[Event "BEL-ch U10 Girls"]
[Site "Blankenberge"]
[Date "2014.04.15"]
[Round "4"]
[White "Dellaert, Ines"]
[Black "Dgebuadze, Marie"]
[Result "1-0"]
[WhiteElo "1083"]
[BlackElo "1069"]
[PlyCount "103"]
[EventDate "2014.04.13"]
[EventType "swiss"]
[EventRounds "9"]
[EventCountry "BEL"]
[SourceTitle "EXT 2022"]
[Source "ChessBase"]
[SourceDate "2021.10.06"]
[SourceVersion "1"]
[SourceVersionDate "2021.10.06"]
[SourceQuality "1"]

1. e4 c5 2. Nf3 Nc6 3. d4 cxd4 4. Nxd4 Nxd4 5. Qxd4 d6 6. Nc3 Nf6 7. Be2 e5 8. Qd1 Be7 9. 0-0 0-0 10. Bd2 Be6 11. Bf3 a6 12. a3 Qd7 13. h3 d5 14. exd5 Nxd5 15. Qe2 Nxc3 16. Bxc3 f6 17. Rfd1 Qc7 18. Qe4 b5 19. Qe3 Rac8 20. Be2 Bc5 21. Qe4 f5 22. Qxe5 Qxe5 23. Bxe5 Bb6 24. Rd6 Rxc2 25. Kf1 Bc4 26. Bxc4+ bxc4 27. Rxb6 a5 28. Rb7 Rd8 29. Rxg7+ Kf8 30. Rxh7 Rdd2 31. Bg3 Re2 32. Rd1 Red2 33. Rxd2 Rxd2 34. b4 cxb3 35. Be5 Ra2 36. Rb7 Rxa3 37. Bd6+ Ke8 38. Bxa3 a4 39. Ra7 Kd8 40. Rxa4 Kc7 41. Ra6 f4 42. g4 fxg3 43. fxg3 Kd7 44. g4 Ke8 45. Ra7 Kd8 46. g5 b2 47. Bxb2 Ke8 48. Ba3 Kd8 49. g6 Kc8 50. g7 Kb8 51. Rf7 Kc8 52. g8Q# 1-0